[Event "Titled Tuesday intern op 29th Aug Early"]
[Site "Chess.com INT"]
[Date "2023.08.29"]
[Round "5"]
[White "Fernandez, Michael"]
[Black "Panesso Rivera, Henry"]
[Result "0-1"]
[WhiteElo "2152"]
[BlackElo "2358"]
[PlyCount "146"]
[EventDate "2023.08.29"]
[EventType "swiss (blitz)"]
[EventRounds "11"]
[EventCountry "USA"]
[SourceTitle "EXT 2024"]
[Source "ChessBase"]
[SourceDate "2023.10.10"]
[SourceVersion "1"]
[SourceVersionDate "2023.10.10"]
[SourceQuality "1"]

1. d4 Nf6 2. c4 e6 3. Nf3 d5 4. cxd5 Nxd5 5. e4 Bb4+ 6. Bd2 Bxd2+ 7. Qxd2 Nf6 8. Nc3 Nc6 9. Bb5 0-0 10. Bxc6 bxc6 11. 0-0 Qe7 12. e5 Nd7 13. Rac1 c5 14. d5 Bb7 15. Rfd1 Nb6 16. d6 cxd6 17. exd6 Qf6 18. Qg5 Bxf3 19. Qxf6 gxf6 20. gxf3 f5 21. Nb5 Nd7 22. b4 cxb4 23. Rc7 Rfd8 24. Nxa7 Ne5 25. f4 Nc4 26. d7 Na5 27. Nc6 Nxc6 28. Rxc6 Kf8 29. Rb6 Rxa2 30. Rxb4 Ra7 31. Rb3 Ke7 32. Rh3 Ra4 33. Rh4 h5 34. Kg2 e5 35. Rxh5 Rxf4 36. Rh7 Rg4+ 37. Kf1 Rg6 38. f3 Rf6 39. Rd5 Ke6 40. Ra5 Rxd7 41. Ra6+ Rd6 42. Rxd6+ Kxd6 43. Kf2 Ke6 44. Rh8 Rg6 45. Re8+ Kf6 46. Ra8 Rg7 47. Ra6+ Kg5 48. Ra5 f6 49. Ra4 Rh7 50. Kg2 f4 51. Rb4 Rd7 52. Ra4 Rd2+ 53. Kg1 Kf5 54. Ra8 Rd3 55. Kg2 Rd2+ 56. Kg1 Rd7 57. Ra5 Rg7+ 58. Kf1 Rh7 59. Kg2 Kg5 60. Ra6 Re7 61. Ra2 f5 62. Ra8 e4 63. Rg8+ Kf6 64. fxe4 fxe4 65. Rf8+ Ke5 66. h4 Rg7+ 67. Kf2 e3+ 68. Kf3 Rg3+ 69. Ke2 Rg2+ 70. Kd3 Rd2+ 71. Kc3 Ke4 72. h5 Rh2 73. Re8+ Kf3 0-1

[Event "Titled Tuesday intern op 29th Aug Early"]
[Site "Chess.com INT"]
[Date "2023.08.29"]
[Round "4"]
[White "Tulchynskyi, Feliks"]
[Black "Fernandez, Michael"]
[Result "0-1"]
[WhiteElo "2228"]
[BlackElo "2152"]
[PlyCount "96"]
[EventDate "2023.08.29"]
[EventType "swiss (blitz)"]
[EventRounds "11"]
[EventCountry "USA"]
[SourceTitle "EXT 2024"]
[Source "ChessBase"]
[SourceDate "2023.10.10"]
[SourceVersion "1"]
[SourceVersionDate "2023.10.10"]
[SourceQuality "1"]

1. e4 c6 2. e5 d5 3. exd6 exd6 4. d4 Nf6 5. h3 Bf5 6. Nc3 d5 7. Bg5 Bd6 8. Qd2 Nbd7 9. 0-0-0 Qa5 10. Re1+ Kf8 11. g4 Bg6 12. Nf3 Bb4 13. Bh4 Ne4 14. Qf4 Nxc3 15. bxc3 Qa3+ 16. Kb1 Qxc3 17. Qc1 Qxf3 18. Be2 Qc3 19. Bd1 Ba3 20. Re3 Qb4+ 21. Rb3 Qxb3+ 22. axb3 Bxc1 23. Kxc1 f6 24. f4 Be4 25. Rg1 Kf7 26. Bg3 Rhe8 27. f5 Rac8 28. Rf1 c5 29. dxc5 Nxc5 30. Kb2 a5 31. Be2 b6 32. Bb5 Red8 33. h4 Bxc2 34. g5 Bd3 35. Bxd3 Nxd3+ 36. Ka3 b5 37. Rf3 Ne5 38. Re3 d4 39. Re4 d3 40. g6+ hxg6 41. fxg6+ Kxg6 42. h5+ Kxh5 43. Bxe5 fxe5 44. b4 axb4+ 45. Kb3 Rc3+ 46. Kb2 d2 47. Rxe5+ Kh6 48. Re6+ g6 0-1

[Event "Titled Tuesday intern op 11th Jul Early"]
[Site "Chess.com INT"]
[Date "2023.07.11"]
[Round "4"]
[White "Ho, In Hei Henry"]
[Black "Fernandez, Michael"]
[Result "0-1"]
[WhiteElo "1707"]
[BlackElo "2152"]
[PlyCount "102"]
[EventDate "2023.07.11"]
[EventType "swiss (blitz)"]
[EventRounds "11"]
[EventCountry "USA"]
[SourceTitle "EXT 2024"]
[Source "ChessBase"]
[SourceDate "2023.10.10"]
[SourceVersion "1"]
[SourceVersionDate "2023.10.10"]
[SourceQuality "1"]

1. d4 b6 2. c4 Bb7 3. Nc3 g6 4. Nf3 Bg7 5. e3 d6 6. Be2 e6 7. 0-0 Ne7 8. Qc2 Nd7 9. b3 0-0 10. Bb2 a6 11. Rfd1 Ra7 12. Rac1 Qa8 13. e4 c5 14. d5 e5 15. Rf1 h6 16. Bd3 Kh7 17. Nd1 Bc8 18. Ne3 b5 19. cxb5 axb5 20. Bxb5 Rxa2 21. Ra1 Rxa1 22. Rxa1 Qb8 23. Bxd7 Bxd7 24. Nc4 f5 25. Nfd2 f4 26. f3 g5 27. Bc3 h5 28. Ra6 Rf6 29. Qa2 Nc8 30. Qa5 Qb5 31. Qa1 g4 32. Ra5 Qb7 33. Qa3 gxf3 34. Nxf3 Bg4 35. Nfxe5 dxe5 36. Bxe5 Rf7 37. Rxc5 f3 38. gxf3 Bxf3 39. Bxg7 Rxg7+ 40. Kf2 Bxe4 41. Ne5 Qe7 42. Nc6 Qf6+ 43. Ke3 Bxd5 44. Rxd5 Qxc6 45. Qb2 Qxd5 46. Qc2+ Kh6 47. Qxc8 Re7+ 48. Kf2 Qf7+ 49. Kg2 Re2+ 50. Kh3 Qf3+ 51. Kh4 Re4+ 0-1

[Event "Titled Tuesday intern op 11th Jul Early"]
[Site "Chess.com INT"]
[Date "2023.07.11"]
[Round "1"]
[White "Koshulyan, Egor A"]
[Black "Fernandez, Michael"]
[Result "1-0"]
[WhiteElo "2136"]
[BlackElo "2152"]
[PlyCount "47"]
[EventDate "2023.07.11"]
[EventType "swiss (blitz)"]
[EventRounds "11"]
[EventCountry "USA"]
[SourceTitle "EXT 2024"]
[Source "ChessBase"]
[SourceDate "2023.10.10"]
[SourceVersion "1"]
[SourceVersionDate "2023.10.10"]
[SourceQuality "1"]

1. e4 c6 2. d4 d5 3. e5 Bf5 4. Nf3 e6 5. Be2 a6 6. 0-0 c5 7. c4 dxc4 8. Bxc4 Nh6 9. d5 exd5 10. Bxd5 Qc7 11. Re1 Nc6 12. e6 0-0-0 13. exf7 Nb4 14. Nc3 Nc2 15. Bxh6 gxh6 16. Nh4 Nxe1 17. Nxf5 Qe5 18. Qxe1 Rxd5 19. Nxd5 Qxd5 20. Ne7+ Bxe7 21. Qxe7 Qd8 22. Qxc5+ Kb8 23. Re1 Rf8 24. Qxf8 1-0

[Event "Titled Tuesday intern op 14th Feb Early"]
[Site "Chess.com INT"]
[Date "2023.02.14"]
[Round "5"]
[White "Fernandez, Michael"]
[Black "Kopczynski, Michal"]
[Result "1-0"]
[WhiteElo "2181"]
[BlackElo "2225"]
[PlyCount "109"]
[EventDate "2023.02.14"]
[EventType "swiss (blitz)"]
[EventRounds "11"]
[EventCountry "USA"]
[SourceTitle "CBM 212 Extra"]
[Source "ChessBase"]
[SourceDate "2023.03.31"]
[SourceVersion "1"]
[SourceVersionDate "2023.03.31"]
[SourceQuality "1"]

1. d4 Nf6 2. c4 g6 3. f3 Bg7 4. e4 d6 5. Nc3 0-0 6. Be3 e5 7. Nge2 Nc6 8. d5 Ne7 9. Qd2 Ne8 10. h4 f5 11. h5 f4 12. Bf2 g5 13. g4 fxg3 14. Nxg3 h6 15. Qd3 c5 16. Bh3 Bxh3 17. Rxh3 Qd7 18. Rh1 a6 19. 0-0-0 b5 20. Kb1 bxc4 21. Qxc4 Rxf3 22. Rdf1 Rb8 23. Be1 Rxf1 24. Rxf1 Nf6 25. Qxa6 Nxh5 26. Nxh5 Qh3 27. Ng3 Rd8 28. Nce2 Ng6 29. Ba5 Rd7 30. Qc8+ Kh7 31. Rf5 Ra7 32. Bb6 Rf7 33. Qe6 Rxf5 34. Qxf5 Qg2 35. a4 h5 36. Qxg5 h4 37. Qh5+ Bh6 38. Nf5 Qg5 39. Qxh6+ Qxh6 40. Nxh6 Kxh6 41. Ng1 Ne7 42. a5 Nc8 43. Bd8 Kh5 44. a6 Kg4 45. Bc7 Kg3 46. Bd8 h3 47. Nxh3 Kxh3 48. Bc7 Kg4 49. Bxd6 Kf3 50. Bxc5 Kxe4 51. d6 Nxd6 52. Bxd6 Kd5 53. a7 Kc6 54. a8Q+ Kxd6 55. Qe4 1-0

[Event "Titled Tuesday intern op 14th Feb Early"]
[Site "Chess.com INT"]
[Date "2023.02.14"]
[Round "3"]
[White "Koellner, Ruben Gideon"]
[Black "Fernandez, Michael"]
[Result "1-0"]
[WhiteElo "2410"]
[BlackElo "2181"]
[PlyCount "43"]
[EventDate "2023.02.14"]
[EventType "swiss (blitz)"]
[EventRounds "11"]
[EventCountry "USA"]
[SourceTitle "CBM 212 Extra"]
[Source "ChessBase"]
[SourceDate "2023.03.31"]
[SourceVersion "1"]
[SourceVersionDate "2023.03.31"]
[SourceQuality "1"]

1. d4 d5 2. Nf3 Nf6 3. e3 c5 4. c3 Nc6 5. Nbd2 Bg4 6. dxc5 e5 7. b4 e4 8. h3 Bh5 9. g4 Nxg4 10. hxg4 Bxg4 11. Qa4 Bxf3 12. Nxf3 exf3 13. Bb2 a6 14. 0-0-0 Qc7 15. Rxd5 Rd8 16. c4 Be7 17. Bxg7 Rg8 18. Rxh7 Bf8 19. Be5 Qe7 20. Bd6 Qf6 21. Re5+ Kd7 22. Bh3+ 1-0

[Event "Titled Tuesday intern op 07th Feb Early"]
[Site "Chess.com INT"]
[Date "2023.02.07"]
[Round "2"]
[White "Nguyen, Quoc Hy"]
[Black "Fernandez, Michael"]
[Result "1-0"]
[WhiteElo "2352"]
[BlackElo "2181"]
[PlyCount "93"]
[EventDate "2023.02.07"]
[EventType "swiss (blitz)"]
[EventRounds "11"]
[EventCountry "USA"]
[SourceTitle "EXT 2024"]
[Source "ChessBase"]
[SourceDate "2023.10.10"]
[SourceVersion "1"]
[SourceVersionDate "2023.10.10"]
[SourceQuality "1"]

1. d4 d5 2. c4 c6 3. Nc3 Nf6 4. Nf3 e6 5. Bg5 dxc4 6. e4 b5 7. e5 h6 8. Bh4 g5 9. Nxg5 hxg5 10. Bxg5 Nbd7 11. exf6 Bb7 12. Be2 Nxf6 13. Bf3 Be7 14. 0-0 Qc7 15. h3 0-0-0 16. Rc1 Ng4 17. Bxg4 Bxg5 18. Rc2 a6 19. Ne4 Be7 20. Bf3 c5 21. Rd2 cxd4 22. Rxd4 Qe5 23. Rxd8+ Rxd8 24. Qc2 f5 25. Nd2 Bxf3 26. Nxf3 Qd5 27. Re1 Bf6 28. a4 Qd3 29. Qc1 e5 30. Nxe5 Bxe5 31. Rxe5 bxa4 32. Rc5+ Kb7 33. Rxc4 Qd1+ 34. Qxd1 Rxd1+ 35. Kh2 Rd2 36. Rxa4 Rxf2 37. Rb4+ Kc6 38. Kg3 Rc2 39. h4 a5 40. Rb8 Kd5 41. Kf3 Rc4 42. Rb5+ Ke6 43. g3 a4 44. Rb6+ Ke5 45. Rb5+ Kd4 46. Rxf5 Kd3 47. Rb5 1-0

[Event "Titled Tuesday intern op 07th Feb Early"]
[Site "Chess.com INT"]
[Date "2023.02.07"]
[Round "5"]
[White "Skliarov, Viktor"]
[Black "Fernandez, Michael"]
[Result "1-0"]
[WhiteElo "2384"]
[BlackElo "2181"]
[PlyCount "107"]
[EventDate "2023.02.07"]
[EventType "swiss (blitz)"]
[EventRounds "11"]
[EventCountry "USA"]
[SourceTitle "EXT 2024"]
[Source "ChessBase"]
[SourceDate "2023.10.10"]
[SourceVersion "1"]
[SourceVersionDate "2023.10.10"]
[SourceQuality "1"]

1. e4 e6 2. d4 d5 3. e5 c5 4. c3 Nc6 5. Nf3 Qb6 6. a3 c4 7. Nbd2 Na5 8. g3 h5 9. h4 Nh6 10. Bh3 Bd7 11. 0-0 Be7 12. Re1 0-0-0 13. Rb1 Nb3 14. Nxb3 Ba4 15. Nfd2 cxb3 16. Qf3 g5 17. hxg5 Bxg5 18. Nxb3 Bxc1 19. Nxc1 Bc2 20. Ra1 Qxb2 21. Ra2 Qb1 22. Qe2 Bf5 23. Rb2 Qe4 24. Qd1 Bg4 25. Rxe4 Bxd1 26. Re1 Bg4 27. Bg2 h4 28. f3 Bf5 29. g4 Bg6 30. Ne2 Ng8 31. Nf4 Ne7 32. Kh2 b6 33. Bf1 Kd7 34. Bb5+ Kc7 35. a4 Kb7 36. Kh3 Rc8 37. Re3 a6 38. Bf1 Rc6 39. Ng2 Rhc8 40. Rb3 Bc2 41. Ra3 Ng6 42. f4 Be4 43. Rxe4 dxe4 44. c4 Rxc4 45. Bxc4 Rxc4 46. f5 exf5 47. gxf5 Ne7 48. Nxh4 Rxd4 49. e6 fxe6 50. f6 Nc6 51. f7 Rd8 52. Ng6 Rd3+ 53. Rxd3 exd3 54. f8Q 1-0

[Event "Titled Tuesday intern op 31st Jan Early"]
[Site "Chess.com INT"]
[Date "2023.01.31"]
[Round "4"]
[White "Fernandez, Michael"]
[Black "Suyarov, Mukhammadzokhid"]
[Result "0-1"]
[WhiteElo "2181"]
[BlackElo "2277"]
[PlyCount "72"]
[EventDate "2023.01.31"]
[EventType "swiss (blitz)"]
[EventRounds "11"]
[EventCountry "USA"]
[SourceTitle "CBM 212 Extra"]
[Source "ChessBase"]
[SourceDate "2023.03.31"]
[SourceVersion "1"]
[SourceVersionDate "2023.03.31"]
[SourceQuality "1"]

1. b4 Nf6 2. Bb2 g6 3. Nf3 Bg7 4. e3 0-0 5. Be2 b6 6. 0-0 Bb7 7. a4 a6 8. d4 d6 9. c4 a5 10. b5 Nbd7 11. Nc3 Ne4 12. Qc2 Nxc3 13. Bxc3 e5 14. Rfd1 Qe7 15. dxe5 dxe5 16. Nd2 Nc5 17. Bf3 e4 18. Be2 Rad8 19. Bxg7 Kxg7 20. Nf1 Qe5 21. Rxd8 Qxa1 22. Rxf8 Kxf8 23. Qd2 Ke7 24. h4 h5 25. Kh2 Qe5+ 26. Ng3 Nxa4 27. f4 exf3 28. Bxf3 Bxf3 29. gxf3 Nc5 30. f4 Qe6 31. Qc3 f6 32. Qc2 Qg4 33. f5 Qxh4+ 34. Kg2 Qg4 35. fxg6 h4 36. Qf2 Qxg3+ 0-1

[Event "Titled Tuesday intern op 10th Jan Early"]
[Site "Chess.com INT"]
[Date "2023.01.10"]
[Round "10"]
[White "Guerb, Leonid"]
[Black "Fernandez, Michael"]
[Result "0-1"]
[WhiteElo "2295"]
[BlackElo "2181"]
[PlyCount "78"]
[EventDate "2023.01.10"]
[EventType "swiss (blitz)"]
[EventRounds "11"]
[EventCountry "USA"]
[SourceTitle "EXT 2024"]
[Source "ChessBase"]
[SourceDate "2023.10.10"]
[SourceVersion "1"]
[SourceVersionDate "2023.10.10"]
[SourceQuality "1"]

1. Nf3 Nf6 2. c4 c6 3. g3 d5 4. Bg2 g6 5. 0-0 Bg7 6. d3 0-0 7. Nbd2 dxc4 8. Nxc4 Nbd7 9. Bd2 Nd5 10. Rc1 N5b6 11. b4 Nxc4 12. dxc4 Nf6 13. Be3 Ng4 14. Qxd8 Rxd8 15. Bg5 f6 16. h3 fxg5 17. hxg4 h6 18. Nh2 Be6 19. b5 Rd2 20. bxc6 bxc6 21. Bxc6 Rc8 22. Bd5 Rxe2 23. Rfe1 Rxe1+ 24. Rxe1 Bxd5 25. cxd5 Kf7 26. Re2 Rc1+ 27. Nf1 Rd1 28. Rd2 Rxd2 29. Nxd2 e6 30. dxe6+ Kxe6 31. f4 gxf4 32. gxf4 Kd5 33. Kf2 a5 34. f5 gxf5 35. gxf5 a4 36. Kf3 h5 37. Ne4 Kc4 38. f6 Bf8 39. Ng5 Kc3 0-1

[Event "Titled Tuesday intern op 29th Nov Early"]
[Site "Chess.com INT"]
[Date "2022.11.29"]
[Round "7"]
[White "Atakhan, Abtin"]
[Black "Fernandez, Michael"]
[Result "0-1"]
[WhiteElo "2370"]
[BlackElo "2181"]
[PlyCount "54"]
[EventDate "2022.11.29"]
[EventType "swiss (blitz)"]
[EventRounds "11"]
[EventCountry "USA"]
[SourceTitle "EXT 2024"]
[Source "ChessBase"]
[SourceDate "2023.10.10"]
[SourceVersion "1"]
[SourceVersionDate "2023.10.10"]
[SourceQuality "1"]

1. e4 e6 2. d4 d5 3. e5 c5 4. c3 Nc6 5. Nf3 Qb6 6. Bd3 cxd4 7. 0-0 Bd7 8. Re1 Nh6 9. Nbd2 Ng4 10. Qe2 dxc3 11. bxc3 Bc5 12. Rf1 Qc7 13. Nb3 Bb6 14. Bf4 0-0-0 15. Nfd4 h5 16. Nb5 Qb8 17. Nd6+ Kc7 18. h3 g5 19. Bxg5 Rdg8 20. Nxf7 Qf8 21. Nxh8 Rxg5 22. Ng6 Qh6 23. hxg4 hxg4 24. g3 Qh3 25. Nd4 Bxd4 26. Nf4 Qxg3+ 27. Ng2 Rh5 0-1

[Event "Titled Tuesday intern op 25th Oct Early"]
[Site "Chess.com INT"]
[Date "2022.10.25"]
[Round "8"]
[White "Fajdetic, Hrvoje"]
[Black "Fernandez, Michael"]
[Result "0-1"]
[WhiteElo "2157"]
[BlackElo "2181"]
[PlyCount "104"]
[EventDate "2022.10.25"]
[EventType "swiss (blitz)"]
[EventRounds "11"]
[EventCountry "USA"]
[SourceTitle "EXT 2024"]
[Source "ChessBase"]
[SourceDate "2023.10.10"]
[SourceVersion "1"]
[SourceVersionDate "2023.10.10"]
[SourceQuality "1"]

1. b3 b6 2. Bb2 Bb7 3. d3 d6 4. Nd2 Nd7 5. e4 e6 6. f4 Ngf6 7. Ngf3 Be7 8. a4 0-0 9. a5 c5 10. a6 Bc6 11. g3 Ng4 12. Qe2 f5 13. Bh3 Bf6 14. c3 h5 15. 0-0 Re8 16. Rfe1 d5 17. e5 Be7 18. d4 Nf8 19. Ba3 Qd7 20. Ng5 Bb5 21. Qf3 Bxa6 22. Bg2 Bb7 23. h3 Nh6 24. Qxh5 cxd4 25. Bxe7 dxc3 26. Bxf8 cxd2 27. Red1 Rxf8 28. Qg6 Rfe8 29. Qh7+ Kf8 30. Qh8+ Ng8 31. Bf3 g6 32. Nh7+ Ke7 33. Rxd2 Kd8 34. Rc2 Rc8 35. Rxc8+ Kxc8 36. Rxa7 Kb8 37. Ra1 Qc7 38. Rf1 Qc3 39. Qg7 Rc8 40. Nf6 Qe3+ 41. Kg2 Nxf6 42. exf6 Qd2+ 43. Kh1 Qb4 44. f7 Qf8 45. Qf6 Rc7 46. Qxe6 Qxf7 47. Qe5 d4 48. Rd1 Bxf3+ 49. Kh2 Bxd1 50. Qxd4 Qd7 51. Qxb6+ Rb7 52. Qe3 Rxb3 0-1

[Event "Titled Tuesday intern op 25th Oct Early"]
[Site "Chess.com INT"]
[Date "2022.10.25"]
[Round "10"]
[White "Fawzy, Adham"]
[Black "Fernandez, Michael"]
[Result "1-0"]
[WhiteElo "2481"]
[BlackElo "2181"]
[PlyCount "81"]
[EventDate "2022.10.25"]
[EventType "swiss (blitz)"]
[EventRounds "11"]
[EventCountry "USA"]
[SourceTitle "EXT 2024"]
[Source "ChessBase"]
[SourceDate "2023.10.10"]
[SourceVersion "1"]
[SourceVersionDate "2023.10.10"]
[SourceQuality "1"]

1. e4 c5 2. Nf3 d6 3. Bb5+ Bd7 4. Bxd7+ Qxd7 5. c4 Nc6 6. Nc3 Nf6 7. d4 cxd4 8. Nxd4 g6 9. f3 Bg7 10. Be3 0-0 11. 0-0 Rac8 12. b3 Nxd4 13. Bxd4 a6 14. Rc1 Rfd8 15. Qd3 Qc6 16. Rfd1 e6 17. Be3 Ne8 18. c5 dxc5 19. Qxd8 Rxd8 20. Rxd8 Bf6 21. Rdd1 Nc7 22. e5 Bxe5 23. Ne4 Nd5 24. Rxc5 Qe8 25. Bh6 Bg7 26. Nd6 Qd7 27. Rc8+ Qxc8 28. Nxc8 Bxh6 29. Kf2 b5 30. Nd6 Bf4 31. Ne4 Kg7 32. g3 Bc7 33. Rc1 Bb6+ 34. Ke2 h5 35. Rc6 h4 36. Nc3 Nxc3+ 37. Rxc3 Bg1 38. gxh4 Bxh2 39. Rc6 a5 40. Rc5 Kh6 41. Rxb5 1-0

[Event "Titled Tuesday intern op 18th Oct Early"]
[Site "Chess.com INT"]
[Date "2022.10.18"]
[Round "4"]
[White "Fernandez, Michael"]
[Black "Kuchava, Ana"]
[Result "1-0"]
[WhiteElo "2181"]
[BlackElo "2101"]
[PlyCount "57"]
[EventDate "2022.10.18"]
[EventType "swiss (blitz)"]
[EventRounds "11"]
[EventCountry "USA"]
[SourceTitle "EXT 2024"]
[Source "ChessBase"]
[SourceDate "2023.10.10"]
[SourceVersion "1"]
[SourceVersionDate "2023.10.10"]
[SourceQuality "1"]

1. b4 d5 2. Bb2 Nf6 3. Nf3 Bf5 4. d3 Nbd7 5. Nbd2 c6 6. Nh4 e6 7. Nxf5 exf5 8. a3 a5 9. c3 Bd6 10. g3 0-0 11. Bg2 Re8 12. 0-0 Qe7 13. Nb3 axb4 14. axb4 Rxa1 15. Qxa1 Qxe2 16. b5 Qxd3 17. bxc6 bxc6 18. Nd4 c5 19. Rd1 Qc4 20. Bf1 cxd4 21. Bxc4 dxc4 22. cxd4 Nd5 23. Qa4 N5b6 24. Qc6 Bb4 25. Qb5 Bd6 26. d5 f6 27. Bd4 Bc7 28. Bxb6 Bxb6 29. Qxd7 1-0

[Event "Titled Tuesday intern op 18th Oct Early"]
[Site "Chess.com INT"]
[Date "2022.10.18"]
[Round "9"]
[White "Fernandez, Michael"]
[Black "Przybylski, Wojciech"]
[Result "0-1"]
[WhiteElo "2181"]
[BlackElo "2321"]
[PlyCount "62"]
[EventDate "2022.10.18"]
[EventType "swiss (blitz)"]
[EventRounds "11"]
[EventCountry "USA"]
[SourceTitle "EXT 2024"]
[Source "ChessBase"]
[SourceDate "2023.10.10"]
[SourceVersion "1"]
[SourceVersionDate "2023.10.10"]
[SourceQuality "1"]

1. c4 e5 2. g3 Nf6 3. Bg2 c6 4. d4 e4 5. Nc3 d5 6. Bg5 Be7 7. e3 0-0 8. Nge2 Na6 9. a3 Nc7 10. 0-0 Bg4 11. Qc2 Ne6 12. Bxf6 Bxf6 13. c5 h5 14. h3 Bf5 15. f3 Bg5 16. Nf4 exf3 17. Qxf5 fxg2 18. Kxg2 Bxf4 19. gxf4 g6 20. Qd3 Ng7 21. e4 dxe4 22. Nxe4 Nf5 23. Rad1 Re8 24. Kh2 Qh4 25. Qf3 Re6 26. Rfe1 Rae8 27. Re2 Rxe4 28. Rxe4 Rxe4 29. Qxe4 Qg3+ 30. Kh1 Qxh3+ 31. Kg1 Qg4+ 0-1

[Event "Titled Tuesday intern op 15th Feb Early"]
[Site "Chess.com INT"]
[Date "2022.02.15"]
[Round "5"]
[White "Gabdrakhmanov, Azat"]
[Black "Fernandez, Michael"]
[Result "0-1"]
[WhiteElo "2319"]
[BlackElo "2170"]
[PlyCount "130"]
[EventDate "2022.02.15"]
[EventType "swiss (blitz)"]
[EventRounds "11"]
[EventCountry "USA"]
[SourceTitle "CBM 206 Extra"]
[Source "ChessBase"]
[SourceDate "2022.03.31"]
[SourceVersion "1"]
[SourceVersionDate "2022.03.31"]
[SourceQuality "1"]

1. e4 c6 2. d4 d5 3. e5 Bf5 4. Nf3 e6 5. Be2 a6 6. 0-0 Ne7 7. b3 Bg4 8. Nbd2 c5 9. c4 Nbc6 10. dxc5 d4 11. h3 Bf5 12. Nh4 Nxe5 13. Re1 Bd3 14. Bf3 N7c6 15. Bxc6+ Nxc6 16. Ndf3 Bg6 17. b4 Nxb4 18. Nxg6 hxg6 19. Bg5 Qd7 20. Ne5 Qc7 21. Rb1 Nc6 22. Nxc6 Qxc6 23. Qxd4 Rh5 24. Bf4 Rd8 25. Qb2 Rxc5 26. Be5 f6 27. Bxf6 gxf6 28. Qxf6 Rd6 29. Qxg6+ Kd8 30. Qg8 Qe8 31. Rb3 b6 32. Qg4 Qd7 33. Rbe3 Kc7 34. Rf3 Be7 35. Rf7 Rcc6 36. Qg7 Rd1 37. Rxd1 Qxd1+ 38. Kh2 Qd6+ 39. g3 Rxc4 40. Rxe7+ Kc6 41. Qf7 Rc2 42. Qe8+ Kc5 43. Rf7 Kb4 44. a3+ Kxa3 45. Rf3+ Kb2 46. Qg6 Qd1 47. Qe4 Rc3 48. Qb4+ Qb3 49. Qxb3+ Kxb3 50. Rf6 b5 51. Rxe6 a5 52. h4 a4 53. h5 a3 54. h6 Rc7 55. Ra6 a2 56. g4 Kb2 57. Ra5 b4 58. Rb5 b3 59. Ra5 a1Q 60. Rxa1 Kxa1 61. g5 b2 62. g6 b1Q 63. g7 Qh7 64. Kg3 Rxg7+ 65. hxg7 Qxg7+ 0-1

[Event "Titled Tuesday intern op 15th Feb Early"]
[Site "Chess.com INT"]
[Date "2022.02.15"]
[Round "8"]
[White "Sargsyan, Anna M"]
[Black "Fernandez, Michael"]
[Result "0-1"]
[WhiteElo "2380"]
[BlackElo "2170"]
[PlyCount "64"]
[EventDate "2022.02.15"]
[EventType "swiss (blitz)"]
[EventRounds "11"]
[EventCountry "USA"]
[SourceTitle "CBM 206 Extra"]
[Source "ChessBase"]
[SourceDate "2022.03.31"]
[SourceVersion "1"]
[SourceVersionDate "2022.03.31"]
[SourceQuality "1"]

1. d4 b5 2. e4 Bb7 3. f3 b4 4. Bd3 e6 5. Ne2 c5 6. Be3 cxd4 7. Nxd4 Nf6 8. 0-0 Bc5 9. Bf2 0-0 10. Kh1 d6 11. Nd2 Nc6 12. Nxc6 Bxc6 13. e5 Bxf2 14. exf6 Bd4 15. fxg7 Bxg7 16. Qe2 Qh4 17. Rad1 Rad8 18. Be4 Bxe4 19. Nxe4 d5 20. Nc5 Bxb2 21. f4 Kh8 22. c4 bxc3 23. Rd3 Rc8 24. Nd7 c2 25. Rdd1 cxd1Q 26. Qxb2+ f6 27. Rxd1 Rf7 28. Qb5 Qxf4 29. Nc5 Qc4 30. Qxc4 dxc4 31. Nxe6 c3 32. Rc1 c2 0-1